| 000 | 00513nam a2200193Ia 4500 | ||
|---|---|---|---|
| 005 | 20250923150002.0 | ||
| 008 | 008 250917s9999 xx 000 0 eng d | ||
| 037 | _aTextual | ||
| 040 |
_aDSWL _beng _cDSWL |
||
| 041 |
_aeng _2eng |
||
| 084 |
_aY:7.1r, N98 _qDSWL |
||
| 245 | 0 |
_aHuman Development Report, 1998 _c byU.N.D.P. |
|
| 260 |
_aDelhi _bO.U.P. _c1998 |
||
| 300 | _axiii-228 p. | ||
| 365 |
_aINR _b375.00 |
||
| 925 | _g375.00 | ||
| 942 |
_cTEXL _hY:7.1r, N98 |
||
| 999 |
_c1458161 _d1458161 |
||